[Event "Leiden SB-ch"]
[Site "Leiden"]
[Date "2008.06.03"]
[Round "3"]
[White "Van Briemen, Willem Jan"]
[Black "Van der Heijden, Jaap"]
[Result "1-0"]
[WhiteElo "1947"]
[BlackElo "1777"]
[PlyCount "117"]
[EventDate "2008.05.20"]
[EventType "swiss"]
[EventRounds "7"]
[EventCountry "NED"]
[SourceTitle "EXT 2012"]
[Source "ChessBase"]
[SourceDate "2011.11.24"]
[SourceVersion "1"]
[SourceVersionDate "2011.11.24"]
[SourceQuality "1"]

1. d4 Nf6 2. c4 e6 3. Nf3 d5 4. Nc3 c6 5. Bg5 Nbd7 6. e3 Qa5 7. Nd2 dxc4 8. Bxf6 Nxf6 9. Nxc4 Qc7 10. Rc1 Be7 11. Bd3 0-0 12. 0-0 c5 13. Ne5 cxd4 14. exd4 Qb6 15. Na4 Qa5 16. a3 Qd5 17. Nc3 Qd6 18. Re1 Re8 19. Ne4 Nxe4 20. Bxe4 f5 21. Qh5 Rf8 22. Bb1 Qxd4 23. Rc3 Qh4 24. Qxh4 Bxh4 25. Ba2 Re8 26. Rc7 Bd8 27. Rc2 Bf6 28. f4 Bxe5 29. Rxe5 g6 30. Rc7 h5 31. Kf2 Kf8 32. Rh7 Re7 33. Rh8+ Kg7 34. Rd8 b6 35. Bd5 Rb8 36. Bxe6 Rc7 37. Bb3 Rbb7 38. Rg8+ Kh6 39. Ree8 Kh7 40. Rxc8 Rd7 41. Rh8+ Kg7 42. Rcg8+ Kf6 43. Rf8+ Kg7 44. Rhg8+ Kh7 45. Re8 Rd2+ 46. Re2 Rd3 47. Ba2 Rc7 48. Rge8 Rdd7 49. Kg3 Kg7 50. Kh4 Kh6 51. R8e6 Rg7 52. Bb1 Rcf7 53. Rd6 Kh7 54. Kg5 Rc7 55. Ree6 Rc1 56. Ba2 Rc2 57. Bd5 Rxb2 58. Rxg6 Rc7 59. Rh6+ 1-0

[Event "Leiden SB-ch"]
[Site "Leiden"]
[Date "2008.05.27"]
[Round "2"]
[White "Van der Heijden, Jaap"]
[Black "Bingen, Stanley"]
[Result "1-0"]
[WhiteElo "1777"]
[BlackElo "1306"]
[PlyCount "93"]
[EventDate "2008.05.20"]
[EventType "swiss"]
[EventRounds "7"]
[EventCountry "NED"]
[SourceTitle "EXT 2012"]
[Source "ChessBase"]
[SourceDate "2011.11.24"]
[SourceVersion "1"]
[SourceVersionDate "2011.11.24"]
[SourceQuality "1"]

1. d4 d5 2. Nf3 Bg4 3. Ne5 Bh5 4. c4 f6 5. Nd3 dxc4 6. Qa4+ Nc6 7. Qxc4 Nxd4 8. e3 Bf7 9. Qxd4 Qxd4 10. exd4 0-0-0 11. Be3 e6 12. Nc3 Ne7 13. Be2 Nc6 14. Rc1 Nxd4 15. Bxd4 Rxd4 16. Nb5 Rd7 17. Nxa7+ Kb8 18. Nb5 e5 19. 0-0 Bxa2 20. b4 c6 21. Nc3 Bc4 22. Nc5 Bxc5 23. bxc5 Bf7 24. Rfd1 Rhd8 25. Ne4 Bd5 26. Nc3 Bb3 27. Rxd7 Rxd7 28. Rb1 Bc2 29. Rc1 Bg6 30. Rd1 Re7 31. Na4 Bc2 32. Ra1 Re8 33. Nb6 Kc7 34. Ra2 Bg6 35. Rd2 Kb8 36. Rd7 Rg8 37. Bc4 Rf8 38. Rxg7 Rd8 39. Rd7 Re8 40. Bf7 Rf8 41. Bxg6 hxg6 42. Kf1 g5 43. f3 Ka7 44. Ke2 Ka6 45. Ke3 Rb8 46. Rf7 Kb5 47. Rxf6 1-0

[Event "Leiden SB-ch"]
[Site "Leiden"]
[Date "2008.05.20"]
[Round "1"]
[White "Gorter, Yme"]
[Black "Van der Heijden, Jaap"]
[Result "1-0"]
[WhiteElo "2137"]
[BlackElo "1777"]
[PlyCount "35"]
[EventDate "2008.05.20"]
[EventType "swiss"]
[EventRounds "7"]
[EventCountry "NED"]
[SourceTitle "EXT 2012"]
[Source "ChessBase"]
[SourceDate "2011.11.24"]
[SourceVersion "1"]
[SourceVersionDate "2011.11.24"]
[SourceQuality "1"]

1. e4 e5 2. Nf3 Nc6 3. d4 exd4 4. Nxd4 Bc5 5. Be3 Qf6 6. Nb5 Bxe3 7. fxe3 Qd8 8. Qg4 g6 9. Qf4 d6 10. Bc4 Be6 11. Bxe6 fxe6 12. 0-0 Kd7 13. N1c3 Nge7 14. Rad1 Rf8 15. Rxd6+ cxd6 16. Qxd6+ Ke8 17. Nc7+ Qxc7 18. Qxc7 1-0

[Event "Leiden SB-ch"]
[Site "Leiden"]
[Date "2006.06.27"]
[Round "7"]
[White "Van Dorp, Teun"]
[Black "Van der Heijden, Jaap"]
[Result "1-0"]
[WhiteElo "1786"]
[BlackElo "1727"]
[PlyCount "49"]
[EventDate "2006.05.16"]
[EventType "swiss"]
[EventRounds "7"]
[EventCountry "NED"]
[SourceTitle "EXT 2012"]
[Source "ChessBase"]
[SourceDate "2011.11.24"]
[SourceVersion "1"]
[SourceVersionDate "2011.11.24"]
[SourceQuality "1"]

1. e4 c5 2. Nc3 Nc6 3. g3 g6 4. Bg2 Bg7 5. d3 d6 6. Be3 Nf6 7. h3 Qb6 8. Rb1 Be6 9. Qd2 Nd7 10. Nge2 Nd4 11. Nf4 0-0 12. Ncd5 Bxd5 13. Nxd5 Qd8 14. c3 Nc6 15. 0-0 e6 16. Nf4 Qe7 17. h4 Nde5 18. Qd1 Rac8 19. Nh3 f5 20. f3 h6 21. Qd2 Kh7 22. Rbc1 Rf7 23. Rc2 Rcf8 24. Qe2 Qd7 25. d4 1-0

[Event "Leiden SB-ch"]
[Site "Leiden"]
[Date "2006.06.20"]
[Round "6"]
[White "Van der Heijden, Jaap"]
[Black "Hellenberg, Jan Amerik"]
[Result "0-1"]
[WhiteElo "1727"]
[BlackElo "1948"]
[PlyCount "46"]
[EventDate "2006.05.16"]
[EventType "swiss"]
[EventRounds "7"]
[EventCountry "NED"]
[SourceTitle "EXT 2012"]
[Source "ChessBase"]
[SourceDate "2011.11.24"]
[SourceVersion "1"]
[SourceVersionDate "2011.11.24"]
[SourceQuality "1"]

1. d4 g6 2. e4 Bg7 3. c4 d6 4. Nc3 Nd7 5. Be3 e5 6. d5 Ne7 7. Qd2 f5 8. Bh6 0-0 9. Bxg7 Kxg7 10. h4 Nf6 11. f3 fxe4 12. Nxe4 Nf5 13. Ne2 Nxe4 14. fxe4 Nxh4 15. 0-0-0 g5 16. g3 Nf3 17. Qe3 Bg4 18. Bh3 Qd7 19. Bg2 Rf6 20. Rdf1 Raf8 21. Bxf3 Bxf3 22. Qxg5+ Rg6 23. Qh4 Bxh1 0-1

[Event "Leiden SB-ch"]
[Site "Leiden"]
[Date "2006.06.06"]
[Round "4"]
[White "Van der Heijden, Jaap"]
[Black "Van Vliet, Harry"]
[Result "0-1"]
[WhiteElo "1727"]
[BlackElo "1761"]
[PlyCount "46"]
[EventDate "2006.05.16"]
[EventType "swiss"]
[EventRounds "7"]
[EventCountry "NED"]
[SourceTitle "EXT 2012"]
[Source "ChessBase"]
[SourceDate "2011.11.24"]
[SourceVersion "1"]
[SourceVersionDate "2011.11.24"]
[SourceQuality "1"]

1. d4 d5 2. Nf3 e6 3. c4 c6 4. e3 Nf6 5. Bd3 Bd6 6. Nc3 Nbd7 7. 0-0 0-0 8. b3 Re8 9. Qc2 e5 10. cxd5 cxd5 11. dxe5 Nxe5 12. Nxe5 Bxe5 13. Bb2 Bxh2+ 14. Kxh2 Ng4+ 15. Kg3 Qg5 16. f4 Qh5 17. Bxh7+ Kh8 18. Nxd5 Qxd5 19. e4 Qd6 20. Rad1 Qb6 21. Rh1 Qe3+ 22. Kh4 Qxf4 23. Rdf1 Nf2+ 0-1